000 nam a22 7a 4500
999 _c8663
_d8663
008 180118b ||||| |||| 00| 0 eng d
100 _bSingh G
_92380
245 _aEnvironmental Studies
260 _aNew Delhi
_bHoly Faith Publication
_c2008